00511nam a22002057a 4500003000500000005001700005008004100022010001000063011001000073035001000083040000900093082001600102100001900118245003600137260004300173300001900216490002200235650002600257830002200283CHAP20220329134526.0971013c19751966ag a r 00010 spa d a21641 a22613 a26708 cCHAP04a574.09bA8Y00aAsimov, Isaac.1 aBreve historia de la biología aBuenos Aires :bEUDEBA,c1975 (c.1966) a249 p.b: ilus aLibros para todos14aBiologíaxHistoria.0 aLibros para todos